[Event "WY U-16 Chess Olympiad 2019"]
[Site "Corum"]
[Date "2019.10.30"]
[Round "2"]
[White "Nurgali, Nazerke"]
[Black "Zhang, Xiao"]
[Result "1-0"]
[WhiteElo "2194"]
[BlackElo "2053"]
[Annotator "TA"]
[PlyCount "109"]
[EventDate "2019.10.28"]
[EventType "team-tourn"]
[EventCountry "TUR"]
[SourceTitle "playchess.com"]
[Source "ChessBase"]
[SourceQuality "1"]

1. d4 Nf6 2. c4 e6 3. g3 d5 4. Nf3 dxc4 5. Bg2 Bd7 6. Ne5 Bc6 7. Nxc6 Nxc6 8. O-O Qd7 9. e3 Rd8 10. Qe2 e5 11. Qxc4 exd4 12. Qb5 Rb8 13. Rd1 a6 14. Qc4 Bd6 15. exd4 O-O 16. b3 Nb4 17. Nc3 b5 18. Qe2 Rfe8 19. Qd2 Qf5 20. Bb2 Nbd5 21. Nxd5 Nxd5 22. Rac1 Qh5 23. Re1 Bb4 24. Rxe8+ Rxe8 25. Qd3 Bd6 26. a3 Qe2 27. Qxe2 Rxe2 28. Rb1 Nf6 29. b4 Rd2 30. Bf3 h5 31. Kf1 Ng4 32. Ke1 Rxf2 33. Bxg4 Rxh2 34. Be2 Bxg3+ 35. Kd2 h4 36. d5 h3 37. Bd4 Rg2 38. Kd3 Bf4 39. Bf3 Rd2+ 40. Kc3 f5 41. Rf1 g5 42. d6 Rxd4 43. Kxd4 cxd6 44. Bb7 h2 45. Bxa6 Bg3 46. Bb7 f4 47. Ke4 Kg7 48. Kf5 Kh6 49. Bf3 d5 50. Rd1 Bh4 51. Rxd5 Kg7 52. Rxb5 Kf7 53. Rb7+ Ke8 54. Rh7 Kd8 55. a4 1-0

[Event "WY U-16 Chess Olympiad 2019"]
[Site "Corum"]
[Date "2019.10.30"]
[Round "2"]
[White "Santos, Jose Guilherme B Lim"]
[Black "Lukin, Elisha"]
[Result "0-1"]
[WhiteElo "2183"]
[BlackElo "2280"]
[Annotator "TA"]
[PlyCount "68"]
[EventDate "2019.10.28"]
[EventType "team-tourn"]
[EventCountry "TUR"]
[SourceTitle "playchess.com"]
[Source "ChessBase"]
[SourceQuality "1"]

1. e4 e6 2. d4 d5 3. Nc3 Bb4 4. e5 c5 5. a3 Bxc3+ 6. bxc3 Ne7 7. h4 b6 8. Bb5+ Bd7 9. Bd3 Ba4 10. h5 c4 11. Bf1 h6 12. g3 Nbc6 13. Bg2 Kd7 14. Nf3 Qg8 15. Ra2 Re8 16. Bf4 Nf5 17. Qd2 Kc7 18. Kf1 Kb7 19. g4 Nfe7 20. Nh4 g5 21. hxg6 Nxg6 22. Bxh6 Nxh4 23. Rxh4 Qg6 24. g5 Ne7 25. Bf3 Nf5 26. Rh2 Nxh6 27. gxh6 Reg8 28. Ke2 Qh7 29. Rg2 Rxg2 30. Bxg2 Qg6 31. Bf3 Rxh6 32. Ra1 Bxc2 33. Re1 Rh3 34. Bh1 Qh5+ 0-1

[Event "WY U-16 Chess Olympiad 2019"]
[Site "Corum"]
[Date "2019.10.30"]
[Round "2"]
[White "Brilej, Jaka"]
[Black "Gharibyan, Mamikon"]
[Result "0-1"]
[WhiteElo "2177"]
[BlackElo "2388"]
[Annotator "RC"]
[PlyCount "86"]
[EventDate "2019.10.28"]
[EventType "team-tourn"]
[EventCountry "TUR"]
[SourceTitle "playchess.com"]
[Source "ChessBase"]
[SourceQuality "1"]

1. e4 e5 2. Nf3 Nc6 3. d4 exd4 4. Nxd4 Nf6 5. Nxc6 bxc6 6. e5 Qe7 7. Qe2 Nd5 8. c4 Ba6 9. Nd2 g6 10. Nf3 Qb4+ 11. Kd1 Ne7 12. b3 Bg7 13. Bb2 O-O 14. Kc2 c5 15. Rd1 Bc8 16. Qd2 Qb6 17. Bc3 a5 18. a4 Rb8 19. Rb1 Nc6 20. Bd3 Bb7 21. Rhe1 d6 22. Be4 dxe5 23. Bxc6 Bxc6 24. Nxe5 Rbd8 25. Qf4 Bxg2 26. Qg3 Bb7 27. Rbd1 Rxd1 28. Rxd1 Be4+ 29. Nd3 Rb8 30. Rb1 Rd8 31. Rd1 Bxc3 32. Kxc3 Qf6+ 33. Kc2 Qd4 34. h4 Kg7 35. Rd2 Bxd3+ 36. Rxd3 Qxd3+ 37. Qxd3 Rxd3 38. Kxd3 f5 39. Ke3 Kf6 40. f4 h6 41. Kf3 g5 42. h5 gxf4 43. Kxf4 c6 0-1

[Event "WY U-16 Chess Olympiad 2019"]
[Site "Corum"]
[Date "2019.10.30"]
[Round "2"]
[White "Kasimov, Ali"]
[Black "Butvilas, Aistis"]
[Result "1-0"]
[WhiteElo "2166"]
[BlackElo "2116"]
[Annotator "TA"]
[PlyCount "129"]
[EventDate "2019.10.28"]
[EventType "team-tourn"]
[EventCountry "TUR"]
[SourceTitle "playchess.com"]
[Source "ChessBase"]
[SourceQuality "1"]

1. d4 Nf6 2. c4 e6 3. Nf3 b6 4. g3 Bb7 5. Bg2 Be7 6. O-O O-O 7. Nc3 Ne4 8. Bd2 Bf6 9. Rc1 d6 10. d5 Nxd2 11. Qxd2 Bxc3 12. Qxc3 e5 13. b4 a5 14. a3 Nd7 15. e4 Qe7 16. Nd2 Rfb8 17. Ra1 Qe8 18. Bh3 Nf6 19. c5 axb4 20. axb4 bxc5 21. bxc5 Ba6 22. Rfc1 Qd8 23. c6 Be2 24. Qe3 Bb5 25. Rab1 Ba6 26. Rxb8 Qxb8 27. Rb1 Qd8 28. Ra1 Bb5 29. Ra7 Rxa7 30. Qxa7 Bd3 31. f3 h6 32. Kf2 Nh5 33. Qb7 Qg5 34. Qc8+ Kh7 35. Qf5+ Qxf5 36. Bxf5+ Kg8 37. Ke3 Ba6 38. f4 exf4+ 39. gxf4 Nf6 40. Kd4 Kf8 41. e5 Nh5 42. Ke3 g6 43. Bg4 Ng7 44. Ne4 Ke7 45. Kd4 Ne8 46. Bd7 Ng7 47. Nf6 h5 48. Bh3 Be2 49. Ke4 Bd1 50. Ke3 Bc2 51. Ne4 Bxe4 52. Kxe4 f6 53. Bd7 g5 54. e6 f5+ 55. Kf3 gxf4 56. h4 Kf8 57. Kxf4 Ke7 58. Kg5 f4 59. Kxf4 Kf6 60. e7 Kxe7 61. Kg5 Kf7 62. Bf5 Ke7 63. Bg6 Kf8 64. Bxh5 Ke7 65. Bg6 1-0

[Event "WY U-16 Chess Olympiad 2019"]
[Site "Corum"]
[Date "2019.10.30"]
[Round "2"]
[White "Itgelt, Khuyagtsogt"]
[Black "Onufrienko, Vladislav"]
[Result "1-0"]
[WhiteElo "2160"]
[BlackElo "1780"]
[Annotator "TA"]
[PlyCount "225"]
[EventDate "2019.10.28"]
[EventType "team-tourn"]
[EventCountry "TUR"]
[SourceTitle "playchess.com"]
[Source "ChessBase"]
[SourceQuality "1"]

1. d4 d5 2. c4 e6 3. Nf3 c6 4. Nc3 dxc4 5. g3 b5 6. Bg2 Bb7 7. O-O Nd7 8. b3 b4 9. Na4 c3 10. a3 a5 11. Qc2 Ngf6 12. Rd1 Be7 13. Ne5 Nxe5 14. dxe5 Nd7 15. Be3 Qc7 16. Rxd7 Qxd7 17. Nb6 Qc7 18. Nxa8 Bxa8 19. axb4 Bxb4 20. Bd4 c5 21. Bxc3 Bxg2 22. Kxg2 O-O 23. Bxb4 axb4 24. Qe4 h6 25. Ra6 Rc8 26. f3 Qd7 27. Rd6 Qb5 28. h4 Qa5 29. Qc4 Qc7 30. h5 Qe7 31. Qa6 Qc7 32. Qc4 Qe7 33. Qa6 Qc7 34. Rb6 Rb8 35. Rd6 Rc8 36. Rb6 Rb8 37. Rd6 Rc8 38. Qc4 Qe7 39. Qa6 Qc7 40. Qc4 Qe7 41. Qa6 Qc7 42. Qd3 Qb8 43. Qc4 Qc7 44. Qd3 Qb8 45. Qc4 Qc7 46. Qd3 Qb8 47. Qa6 Qc7 48. Qc4 Qe7 49. Qa6 Qc7 50. Qd3 Qb8 51. Qc4 Qc7 52. Qd3 Qb8 53. Qa6 Qc7 54. Qc4 Qe7 55. Qa6 Qc7 56. Qd3 Qb8 57. Qc4 Qc7 58. Kf2 Qe7 59. Qa6 Qc7 60. Qc4 Qe7 61. Qa6 Qc7 62. Qd3 Qb8 63. Qc4 Qc7 64. Qa6 Qb8 65. Rb6 Qc7 66. Qb7 Kf8 67. Qxc7 Rxc7 68. Ke3 Rd7 69. Rc6 Rd1 70. Rxc5 Rb1 71. Rc4 Rxb3+ 72. Kd2 Kg8 73. Rc8+ Kh7 74. Rf8 Rb2+ 75. Ke3 Rb1 76. Rxf7 b3 77. Rf8 b2 78. Rb8 Rh1 79. Rxb2 Rxh5 80. f4 Kg6 81. Rb6 Kf7 82. Rb7+ Kf8 83. Rb1 Rh2 84. Kf3 h5 85. Rb8+ Kf7 86. Rb7+ Kf8 87. Rb8+ Kf7 88. Rh8 Kg6 89. Rf8 Rh1 90. f5+ Kg5 91. Kg2 Re1 92. Kf2 Ra1 93. fxe6 Ra7 94. Rf7 Ra8 95. Rxg7+ Kf5 96. Rh7 Kg4 97. e7 Re8 98. Rf7 h4 99. Rf4+ Kg5 100. Rxh4 Rxe7 101. Re4 Kf5 102. Kf3 Rg7 103. e6 Re7 104. g4+ Kg5 105. Re5+ Kf6 106. Kf4 Kg6 107. g5 Kg7 108. Kf5 Re8 109. e7 Kf7 110. g6+ Kg7 111. Kg5 Kh8 112. Kf6 Kg8 113. g7 1-0

[Event "WY U-16 Chess Olympiad 2019"]
[Site "Corum"]
[Date "2019.10.30"]
[Round "2"]
[White "Kusa, Jakub"]
[Black "Malovanyi, Yulian"]
[Result "1/2-1/2"]
[WhiteElo "2156"]
[BlackElo "2351"]
[Annotator "TA"]
[PlyCount "93"]
[EventDate "2019.10.28"]
[EventType "team-tourn"]
[EventCountry "TUR"]
[SourceTitle "playchess.com"]
[Source "ChessBase"]
[SourceQuality "1"]

1. e4 c5 2. Nf3 Nc6 3. Bb5 d6 4. O-O Bd7 5. Re1 Nf6 6. c3 a6 7. Bf1 Bg4 8. d4 cxd4 9. cxd4 e5 10. Be3 exd4 11. Bxd4 Bxf3 12. gxf3 Be7 13. Nc3 Nxd4 14. Qxd4 O-O 15. Rad1 Re8 16. Nd5 Nxd5 17. Qxd5 Bf6 18. Qxd6 Qa5 19. Qd5 Qc7 20. Qd6 Qc2 21. Qd2 Qc7 22. Qd6 Qa5 23. Qd5 Qb6 24. e5 Bh4 25. Qd4 Qh6 26. Qe4 Re6 27. Rd6 Rae8 28. Rxe6 Rxe6 29. Qxb7 Qg5+ 30. Bg2 h5 31. Qa8+ Kh7 32. f4 Qxf4 33. Qe4+ Qxe4 34. Rxe4 Bd8 35. f4 Bc7 36. Rc4 Re7 37. Be4+ g6 38. Kf2 Kg7 39. Rc6 a5 40. Kf3 g5 41. fxg5 Bxe5 42. Rh6 Bxb2 43. Rxh5 a4 44. Rh7+ Kg8 45. g6 Kf8 46. gxf7 Rxf7+ 47. Rxf7+ 1/2-1/2

[Event "WY U-16 Chess Olympiad 2019"]
[Site "Corum"]
[Date "2019.10.30"]
[Round "2"]
[White "Srihari L"]
[Black "Shirliyev, Allayar"]
[Result "1-0"]
[WhiteElo "2136"]
[BlackElo "2149"]
[Annotator "RC"]
[PlyCount "93"]
[EventDate "2019.10.28"]
[EventType "team-tourn"]
[EventCountry "TUR"]
[SourceTitle "playchess.com"]
[Source "ChessBase"]
[SourceQuality "1"]

1. e4 e5 2. Nf3 Nc6 3. Bc4 Bc5 4. c3 Nf6 5. d3 d6 6. Bb3 a6 7. Nbd2 Be6 8. O-O Qd7 9. a4 h6 10. Nc4 Ba7 11. Be3 g5 12. d4 Bxc4 13. Bxc4 exd4 14. cxd4 d5 15. exd5 Nxd5 16. Qb3 O-O-O 17. Bb5 axb5 18. axb5 Bb8 19. bxc6 Qxc6 20. Ra8 f6 21. Rc1 Qd6 22. Nd2 c6 23. g3 Rhe8 24. Nc4 Qc7 25. Bd2 b5 26. Na3 Qb7 27. Ra5 Nc7 28. Nxb5 Rd5 29. Rc5 Kd7 30. Rxd5+ Nxd5 31. Qc4 Nb6 32. Qf7+ Re7 33. Qxf6 cxb5 34. Rxb5 Bd6 35. Ba5 Bc7 36. d5 Bd8 37. Qf5+ Ke8 38. Bxb6 Qa6 39. Qg6+ Kf8 40. Qxh6+ Kg8 41. Qxg5+ Kh7 42. Qf5+ Kh6 43. Qf8+ Kh7 44. Qf5+ Kh6 45. d6 Re1+ 46. Kg2 Qb7+ 47. Kh3 1-0

[Event "WY U-16 Chess Olympiad 2019"]
[Site "Corum"]
[Date "2019.10.30"]
[Round "2"]
[White "Chan, Yi Meng Ryan"]
[Black "Alexakis, Dimitris"]
[Result "0-1"]
[WhiteElo "2130"]
[BlackElo "2459"]
[Annotator "TA"]
[PlyCount "68"]
[EventDate "2019.10.28"]
[EventType "team-tourn"]
[EventCountry "TUR"]
[SourceTitle "playchess.com"]
[Source "ChessBase"]
[SourceQuality "1"]

1. d4 Nf6 2. c4 e6 3. Nf3 c5 4. d5 b5 5. dxe6 fxe6 6. cxb5 a6 7. bxa6 Bxa6 8. Bf4 Nc6 9. e3 Bxf1 10. Kxf1 d5 11. Ne5 Nxe5 12. Bxe5 Bd6 13. Bxd6 Qxd6 14. g3 O-O 15. Kg2 d4 16. exd4 Qc6+ 17. Kg1 Ne4 18. f3 Ng5 19. d5 Qb7 20. Nd2 Qxb2 21. h4 Nxf3+ 22. Nxf3 Rxf3 23. Qxf3 Qxa1+ 24. Kh2 Qxa2+ 25. Kh3 Qxd5 26. Rf1 Qxf3 27. Rxf3 Rc8 28. Kg4 c4 29. Rc3 Kf7 30. Kf4 Ke7 31. Ke5 Rc5+ 32. Kd4 Kd6 33. g4 Rd5+ 34. Ke4 Kc5 0-1

[Event "WY U-16 Chess Olympiad 2019"]
[Site "Corum"]
[Date "2019.10.30"]
[Round "2"]
[White "Deng Yu Dong Michael"]
[Black "Mohamed Ali S"]
[Result "1-0"]
[WhiteElo "2130"]
[BlackElo "1073"]
[Annotator "TA"]
[PlyCount "89"]
[EventDate "2019.10.28"]
[EventType "team-tourn"]
[EventCountry "TUR"]
[SourceTitle "playchess.com"]
[Source "ChessBase"]
[SourceQuality "1"]

1. d4 Nf6 2. c4 d6 3. Nc3 Be6 4. e4 c5 5. d5 Bg4 6. f3 Bh5 7. Be3 Nbd7 8. Nge2 g6 9. g4 Bxg4 10. fxg4 Nxg4 11. Bf4 Qa5 12. Qa4 Qb4 13. Bh3 h5 14. a3 Qxa4 15. Nxa4 Bg7 16. Bxg4 hxg4 17. Kf2 e5 18. dxe6 fxe6 19. Bxd6 Nf6 20. Nac3 b6 21. Rag1 Rd8 22. e5 Nd7 23. Rxg4 Nxe5 24. Bxe5 Bxe5 25. h4 Rh5 26. Rxg6 Kf7 27. Rg5 Rxg5 28. hxg5 Rd2 29. Ke3 Rxb2 30. Rb1 Bxc3 31. Nxc3 Rg2 32. Rf1+ Ke7 33. Ne4 e5 34. Rf5 Ke6 35. Rf6+ Ke7 36. g6 Ra2 37. Rf7+ Ke6 38. Ng5+ Kd6 39. g7 Rxa3+ 40. Ke4 Rc3 41. g8=Q Rxc4+ 42. Kd3 Rd4+ 43. Ke3 Kc6 44. Qe8+ Kd6 45. Qd7# 1-0

[Event "WY U-16 Chess Olympiad 2019"]
[Site "Corum"]
[Date "2019.10.30"]
[Round "2"]
[White "Bochnicka, Vladimir"]
[Black "Gurel, Ediz"]
[Result "0-1"]
[WhiteElo "2087"]
[BlackElo "1995"]
[Annotator "NA RC"]
[PlyCount "161"]
[EventDate "2019.10.28"]
[EventType "team-tourn"]
[EventCountry "TUR"]
[SourceTitle "playchess.com"]
[Source "ChessBase"]
[SourceQuality "1"]

1. e4 c5 2. Nf3 e6 3. d4 cxd4 4. Nxd4 Nc6 5. Nc3 a6 6. Be3 Nf6 7. Qf3 Bb4 8. O-O-O Bxc3 9. bxc3 Qa5 10. Kb2 d5 11. Nb3 Qc7 12. exd5 Nxd5 13. Bc5 b6 14. Ba3 Bb7 15. c4 Qe5+ 16. c3 Nde7 17. Bd3 Qc7 18. Qg4 O-O 19. Bd6 Qd7 20. Bxh7+ Kxh7 21. Be5 Nxe5 22. Qh4+ Kg8 23. Rxd7 Nf5 24. Qf4 Nxd7 25. Qc7 Nc5 26. Nxc5 bxc5 27. Rg1 Rfd8 28. Kc1 Be4 29. Qe5 Bd3 30. Rd1 Bxc4 31. Rxd8+ Rxd8 32. Qxc5 Bb5 33. c4 Be8 34. g4 Nd4 35. Qb6 Nc6 36. Qxa6 Rd4 37. c5 Rd5 38. Qb6 Ne5 39. Kc2 Nd7 40. Qd8 Kf8 41. c6 Rc5+ 42. Kb2 Rxc6 43. a4 Ra6 44. a5 Ne5 45. Kc3 Nc6 46. Qd6+ Kg8 47. Qc7 Rxa5 48. Kd2 Rd5+ 49. Ke3 g6 50. Qc8 Kf8 51. Qc7 Ne5 52. h3 g5 53. f4 gxf4+ 54. Kxf4 Ng6+ 55. Ke3 Bb5 56. Kf2 Kg7 57. Qc3+ e5 58. g5 Rd4 59. Qc5 Bd7 60. Qb6 Bxh3 61. Qf6+ Kg8 62. Qc6 Be6 63. Qc7 Rf4+ 64. Ke3 Rf5 65. Ke4 Kg7 66. Qd8 Nf8 67. Ke3 Nh7 68. g6 fxg6 69. Qe7+ Bf7 70. Kd3 Nf6 71. Ke2 g5 72. Qa3 g4 73. Qd3 e4 74. Qe3 Rf3 75. Qg5+ Bg6 76. Qe5 g3 77. Qe7+ Bf7 78. Qe5 Kg6 79. Qb8 Bc4+ 80. Kd2 e3+ 81. Ke1 0-1

[Event "WY U-16 Chess Olympiad 2019"]
[Site "Corum"]
[Date "2019.10.30"]
[Round "2"]
[White "Mai, Alexander Oliver"]
[Black "Zaid Alaa Chasib"]
[Result "1/2-1/2"]
[WhiteElo "2085"]
[BlackElo "1844"]
[Annotator "NA RC"]
[PlyCount "62"]
[EventDate "2019.10.28"]
[EventType "team-tourn"]
[EventCountry "TUR"]
[SourceTitle "playchess.com"]
[Source "ChessBase"]
[SourceQuality "1"]

1. e4 c6 2. Nc3 d5 3. Nf3 dxe4 4. Nxe4 Bg4 5. h3 Bxf3 6. Qxf3 Nd7 7. d4 Ngf6 8. Nxf6+ Nxf6 9. c3 e6 10. Bd3 Be7 11. O-O Qd5 12. Qxd5 cxd5 13. Re1 a6 14. a4 Kd7 15. Bd2 Rhc8 16. b3 Ke8 17. Re2 Bd6 18. Rb1 h6 19. c4 b6 20. a5 bxa5 21. Bxa5 dxc4 22. bxc4 Bc7 23. Bc3 Rab8 24. Reb2 Rxb2 25. Rxb2 Rb8 26. Rxb8+ Bxb8 27. c5 Nd5 28. Bd2 Nc7 29. Ba5 Kd7 30. Bxc7 Bxc7 31. Bxa6 Kc6 1/2-1/2

[Event "WY U-16 Chess Olympiad 2019"]
[Site "Corum"]
[Date "2019.10.30"]
[Round "2"]
[White "Pobor, Milo"]
[Black "Iskakbaev, Ibraim"]
[Result "1-0"]
[WhiteElo "2064"]
[BlackElo "1741"]
[Annotator "NA RC"]
[PlyCount "53"]
[EventDate "2019.10.28"]
[EventType "team-tourn"]
[EventCountry "TUR"]
[SourceTitle "playchess.com"]
[Source "ChessBase"]
[SourceQuality "1"]

1. e4 c5 2. Nf3 d6 3. d4 cxd4 4. Nxd4 Nf6 5. Nc3 g6 6. Be3 Bg7 7. f3 Nc6 8. Qd2 O-O 9. O-O-O Nxd4 10. Bxd4 Be6 11. g4 Qa5 12. Kb1 Rfc8 13. a3 a6 14. h4 b5 15. Nd5 Qxd2 16. Rxd2 Bxd5 17. exd5 Nd7 18. f4 Bxd4 19. Rxd4 Rc5 20. h5 Rac8 21. hxg6 hxg6 22. g5 Rxc2 23. Bh3 R2c7 24. f5 Kg7 25. Rh4 Ne5 26. f6+ exf6 27. Bxc8 1-0

[Event "WY U-16 Chess Olympiad 2019"]
[Site "Corum"]
[Date "2019.10.30"]
[Round "2"]
[White "Modi, Yashil"]
[Black "Makarian, Rudik"]
[Result "0-1"]
[WhiteElo "2053"]
[BlackElo "2386"]
[Annotator "TA"]
[PlyCount "82"]
[EventDate "2019.10.28"]
[EventType "team-tourn"]
[EventCountry "TUR"]
[SourceTitle "playchess.com"]
[Source "ChessBase"]
[SourceQuality "1"]

1. d4 Nf6 2. Nf3 g6 3. g3 Bg7 4. Bg2 c5 5. d5 d6 6. c4 O-O 7. Nc3 e6 8. O-O exd5 9. Nxd5 Nxd5 10. Qxd5 Nc6 11. Bg5 Be6 12. Bxd8 Bxd5 13. cxd5 Nxd8 14. Nd2 b6 15. Nc4 Nb7 16. a4 Rfd8 17. Be4 Na5 18. Nxa5 bxa5 19. Rab1 c4 20. b3 c3 21. Bc2 Rab8 22. Kg2 Rb4 23. e3 Kf8 24. f4 f5 25. Kf3 Re8 26. Rfe1 Bf6 27. h3 Kg7 28. Re2 h5 29. h4 Kf7 30. Ree1 Re7 31. Red1 Ke8 32. Re1 Kd8 33. e4 fxe4+ 34. Rxe4 Rexe4 35. Bxe4 Rd4 36. Rc1 Rd2 37. Bxg6 Rxd5 38. Ke3 Rd2 39. Rc2 Rd1 40. Bxh5 Rg1 41. g4 d5 0-1

[Event "WY U-16 Chess Olympiad 2019"]
[Site "Corum"]
[Date "2019.10.30"]
[Round "2"]
[White "Vujovic, Savo"]
[Black "Pirmetova, Dariga"]
[Result "1/2-1/2"]
[WhiteElo "2040"]
[BlackElo "1379"]
[Annotator "NA RC"]
[PlyCount "95"]
[EventDate "2019.10.28"]
[EventType "team-tourn"]
[EventCountry "TUR"]
[SourceTitle "playchess.com"]
[Source "ChessBase"]
[SourceQuality "1"]

1. e4 Nf6 2. Nc3 d5 3. exd5 Nxd5 4. Bc4 Nb6 5. Bb3 c5 6. d3 Nc6 7. Nf3 Bf5 8. Be3 e6 9. Na4 Nxa4 10. Bxa4 Qa5+ 11. c3 b5 12. Bc2 Be7 13. O-O O-O 14. a3 Rfd8 15. b4 cxb4 16. axb4 Qc7 17. Ne1 a5 18. bxa5 Nxa5 19. g4 Be4 20. Qb1 Bc6 21. f4 Be8 22. d4 h6 23. g5 hxg5 24. fxg5 Qxc3 25. Rf3 Nc4 26. Rxa8 Rxa8 27. Bf2 Qa1 28. Bh7+ Kf8 29. Rh3 Qxb1 30. Bxb1 Bxg5 31. d5 Ke7 32. Bc5+ Kd7 33. dxe6+ Kxe6 34. Nf3 Bf6 35. Bd4 Bxd4+ 36. Nxd4+ Kd5 37. Rd3 Ra3 38. Nxb5+ Rxd3 39. Nc7+ Kc6 40. Bxd3 Kxc7 41. Bxc4 Kd6 42. Kf2 Ke5 43. Ke3 g5 44. Be2 f5 45. Bc4 Bh5 46. Bb5 Bg4 47. Bc4 Bh3 48. Be2 1/2-1/2

[Event "WY U-16 Chess Olympiad 2019"]
[Site "Corum"]
[Date "2019.10.30"]
[Round "2"]
[White "Ahmed, Jaza Jamal"]
[Black "Briem, Stephan"]
[Result "1-0"]
[WhiteElo "2011"]
[BlackElo "2199"]
[Annotator "TA"]
[PlyCount "63"]
[EventDate "2019.10.28"]
[EventType "team-tourn"]
[EventCountry "TUR"]
[SourceTitle "playchess.com"]
[Source "ChessBase"]
[SourceQuality "1"]

1. e4 c5 2. Nf3 d6 3. d4 cxd4 4. Nxd4 Nf6 5. Nc3 a6 6. Bg5 Nbd7 7. f4 Qc7 8. Qf3 h6 9. Bh4 g5 10. fxg5 hxg5 11. Bxg5 Qc5 12. Be3 Ne5 13. Qe2 Neg4 14. Bg1 Bh6 15. g3 Qe5 16. Bg2 Bd7 17. Qd3 Qg5 18. Nf3 Qa5 19. h3 Ne5 20. Nxe5 Qxe5 21. Bd4 Qg5 22. O-O e5 23. Bb6 O-O 24. Qxd6 Kg7 25. h4 Qg6 26. Qxe5 Rae8 27. Qd4 Re6 28. Nd5 Bc6 29. Nxf6 Rxf6 30. Qc3 Re8 31. Rxf6 Qxf6 32. Bd4 1-0

[Event "WY U-16 Chess Olympiad 2019"]
[Site "Corum"]
[Date "2019.10.30"]
[Round "2"]
[White "Taspinar, Yanki"]
[Black "Sahidi, Samir"]
[Result "1/2-1/2"]
[WhiteElo "2010"]
[BlackElo "2374"]
[Annotator "NA"]
[PlyCount "232"]
[EventDate "2019.10.28"]
[EventType "team-tourn"]
[EventCountry "TUR"]
[SourceTitle "playchess.com"]
[Source "ChessBase"]
[SourceQuality "1"]

1. e4 c5 2. Nf3 e6 3. d4 cxd4 4. Nxd4 a6 5. c4 Nf6 6. Nc3 Qc7 7. a3 Be7 8. Be3 O-O 9. Rc1 b6 10. Be2 Bb7 11. f3 d6 12. O-O Nbd7 13. b4 Rac8 14. Qd2 Qb8 15. Rfd1 Rfd8 16. Kh1 Bf8 17. Nb3 Bc6 18. Bf4 Ne5 19. Bxe5 dxe5 20. Qe3 Rxd1+ 21. Rxd1 Qc7 22. c5 b5 23. Na5 Nd7 24. Nb3 Nb8 25. Ra1 Qd7 26. Qd3 Qe8 27. Qc2 Bd7 28. Na5 Nc6 29. Nxc6 Bxc6 30. a4 a5 31. axb5 axb4 32. bxc6 bxc3 33. Qxc3 Qxc6 34. Qxe5 Qxc5 35. Qxc5 Rxc5 36. f4 g6 37. Bf3 h5 38. g3 Kg7 39. Ra2 Rc3 40. Kg2 Bc5 41. Bd1 Re3 42. Rc2 Bd4 43. Rc4 e5 44. fxe5 Bxe5 45. Bf3 Re1 46. Kf2 Rb1 47. Be2 h4 48. gxh4 Rh1 49. Ke3 Rxh2 50. Bf3 Rxh4 51. Rc2 Rh8 52. Rc5 Kf6 53. Rc6+ Kg5 54. Rc5 f6 55. Be2 Ra8 56. Rd5 Ra3+ 57. Rd3 Ra1 58. Rd1 Ra3+ 59. Rd3 Ra8 60. Rd1 Kh6 61. Rh1+ Kg7 62. Rd1 Ra7 63. Rd3 Re7 64. Rd1 Bc7 65. Kf3 Bb6 66. Rd6 Bc5 67. Rd5 Bb4 68. Rb5 Bc3 69. Rc5 Be5 70. Rd5 Kh6 71. Rd1 Rc7 72. Rh1+ Kg7 73. Rd1 Rc2 74. Rd7+ Kh6 75. Rd1 g5 76. Ke3 Bf4+ 77. Kd3 Ra2 78. Bg4 Rg2 79. Rh1+ Kg7 80. Bf5 Rd2+ 81. Kc3 Rd6 82. Rh7+ Kg8 83. Rd7 Rc6+ 84. Kd3 Bd6 85. Be6+ Kh8 86. Bf5 Bf8 87. Kd4 Rb6 88. Kd5 Ra6 89. Rd8 Kg8 90. Rd7 Ba3 91. Kc4 Kf8 92. Kd3 Be7 93. Kd4 Kf7 94. Rb7 Ra1 95. Ke3 Ra3+ 96. Kd4 Rg3 97. Kd5 Rd3+ 98. Kc4 Rd1 99. Rd7 Rg1 100. Kd3 g4 101. Ke3 g3 102. Kf3 Ke8 103. Rd2 Bd8 104. Rg2 Rf1+ 105. Kxg3 Bc7+ 106. Kg4 Be5 107. Rc2 Ke7 108. Rd2 Rg1+ 109. Kf3 Bd6 110. Rd5 Rg3+ 111. Kf2 Ra3 112. Ke2 Ra6 113. Rb5 Rc6 114. Rd5 Kf7 115. Bd7 Rb6 116. Bf5 Kg7 1/2-1/2

[Event "WY U-16 Chess Olympiad 2019"]
[Site "Corum"]
[Date "2019.10.30"]
[Round "2"]
[White "Acimovic, Sergej"]
[Black "Gevorgyan, Albert"]
[Result "0-1"]
[WhiteElo "1998"]
[BlackElo "2231"]
[Annotator "TA"]
[PlyCount "70"]
[EventDate "2019.10.28"]
[EventType "team-tourn"]
[EventCountry "TUR"]
[SourceTitle "playchess.com"]
[Source "ChessBase"]
[SourceQuality "1"]

1. d4 d5 2. c4 c6 3. Nf3 Nf6 4. e3 e6 5. Bd3 Nbd7 6. O-O dxc4 7. Bxc4 b5 8. Bd3 Bb7 9. a4 a6 10. e4 b4 11. Qe2 Be7 12. b3 c5 13. Bb2 cxd4 14. Bxd4 Nc5 15. Bxc5 Bxc5 16. Rd1 Qe7 17. Nbd2 O-O 18. Nc4 Rfd8 19. Nfe5 Bd4 20. Rac1 Rac8 21. h3 h6 22. Nf3 e5 23. Na5 Rc3 24. Rxc3 bxc3 25. Bc2 Bxe4 26. Nxd4 Rxd4 27. Rxd4 exd4 28. Nc6 Qc5 29. Nb4 Qxb4 30. Bxe4 Nxe4 31. Qxe4 Qxb3 32. Qe8+ Kh7 33. Kh2 c2 34. Qe4+ g6 35. Qf4 Qc4 0-1

[Event "WY U-16 Chess Olympiad 2019"]
[Site "Corum"]
[Date "2019.10.30"]
[Round "2"]
[White "Celik, Hasan Huseyin"]
[Black "Turcan, Richard"]
[Result "0-1"]
[WhiteElo "1998"]
[BlackElo "2174"]
[Annotator "TA"]
[PlyCount "62"]
[EventDate "2019.10.28"]
[EventType "team-tourn"]
[EventCountry "TUR"]
[SourceTitle "playchess.com"]
[Source "ChessBase"]
[SourceQuality "1"]

1. d4 Nf6 2. c4 c5 3. d5 e6 4. Nc3 exd5 5. cxd5 d6 6. Nf3 g6 7. Bf4 Bg7 8. Nd2 O-O 9. Nc4 Na6 10. Bxd6 Re8 11. e3 Bf5 12. Be2 Ne4 13. Nxe4 Bxe4 14. Bf4 Bxg2 15. Rg1 Qxd5 16. Qb3 b5 17. Qxb5 Nb4 18. Qa4 Rad8 19. Rd1 Qe4 20. Rc1 Bf3 21. Bd6 Bxe2 22. Kxe2 Nd3 23. Rcd1 Rxd6 24. f3 Nf4+ 25. Kf2 Nh3+ 26. Kg2 Rxd1 27. fxe4 Rxg1+ 28. Kxh3 Re6 29. Nd6 Rxd6 30. Qe8+ Bf8 31. e5 Re6 0-1

[Event "WY U-16 Chess Olympiad 2019"]
[Site "Corum"]
[Date "2019.10.30"]
[Round "2"]
[White "Tsivelekidou, Evgenia"]
[Black "Hairul, Muhd Ilhan Mansiz"]
[Result "1/2-1/2"]
[WhiteElo "1985"]
[BlackElo "1832"]
[Annotator "NA RC"]
[PlyCount "53"]
[EventDate "2019.10.28"]
[EventType "team-tourn"]
[EventCountry "TUR"]
[SourceTitle "playchess.com"]
[Source "ChessBase"]
[SourceQuality "1"]

1. d4 d5 2. c4 e6 3. Nf3 Nf6 4. g3 Be7 5. Bg2 O-O 6. O-O dxc4 7. Qc2 a6 8. a4 Bd7 9. Ne5 Bc6 10. Nxc6 Nxc6 11. e3 Qd7 12. Qxc4 Nd5 13. Nc3 Na5 14. Qe2 Nb3 15. Rb1 Rab8 16. Qc2 Nxc1 17. Rfxc1 c6 18. Bxd5 cxd5 19. Ne2 Rfc8 20. Qb3 Rxc1+ 21. Nxc1 Rc8 22. Nd3 Bd6 23. a5 g6 24. Qd1 Qb5 25. b4 Rc3 26. Nc5 Rc4 27. Qb3 1/2-1/2

[Event "WY U-16 Chess Olympiad 2019"]
[Site "Corum"]
[Date "2019.10.30"]
[Round "2"]
[White "Bagvilas, Lukas"]
[Black "Omonova, Umida"]
[Result "1-0"]
[WhiteElo "1983"]
[BlackElo "2078"]
[Annotator "NA RC"]
[PlyCount "93"]
[EventDate "2019.10.28"]
[EventType "team-tourn"]
[EventCountry "TUR"]
[SourceTitle "playchess.com"]
[Source "ChessBase"]
[SourceQuality "1"]

1. c4 e5 2. Nc3 Nc6 3. e3 d6 4. g3 g6 5. Bg2 Bg7 6. Nge2 Nge7 7. O-O O-O 8. d3 f5 9. Rb1 a5 10. a3 Be6 11. Nd5 Bf7 12. Nec3 Rb8 13. Qa4 b6 14. b4 axb4 15. axb4 Nxd5 16. cxd5 Ne7 17. Bd2 g5 18. b5 f4 19. Rfc1 Ng6 20. Qc4 Be8 21. Na2 Rb7 22. Nb4 h5 23. Ra1 Qf6 24. Be1 g4 25. Ra8 Bh6 26. Nc2 h4 27. exf4 exf4 28. Bc3 Qf7 29. Rf1 f3 30. Bh1 hxg3 31. hxg3 Bd7 32. Rxf8+ Kxf8 33. Ra1 Ne5 34. Ra8+ Kg7 35. Bxe5+ dxe5 36. Qe4 Qf5 37. Qb4 Bg5 38. Ne3 Bxe3 39. Qe7+ Qf7 40. Qxe5+ Kg6 41. Qxe3 Qxd5 42. Rh8 Be6 43. Qh6+ Kf5 44. Rf8+ Bf7 45. Qh5+ Ke6 46. Qxf7+ Ke5 47. Qf6# 1-0